Länder mit zwei oder mehr Menschenaffen-Arten - Statistiken

Allgemein
  • Dieses Quiz wurde 22 mal gespielt
  • Das Durchschnittsergebnis liegt bei 6 aus 9
Antwortstatistiken
Art Art Art Art Art Art Art Land % Korrekt
Westlicher Gorilla Östlicher Gorilla Schimpanse Bonobo Demokratische Republik Kongo
79%
Westlicher Gorilla Schimpanse Republik Kongo
79%
Sumatra-Orang-Utan Tapanuli-Orang-Utan Borneo-Orang-Utan Indonesien
74%
Westlicher Gorilla Schimpanse Kamerun
63%
Westlicher Gorilla Schimpanse Nigeria
63%
Östlicher Gorilla Schimpanse Ruanda
63%
Östlicher Gorilla Schimpanse Uganda
63%
Westlicher Gorilla Schimpanse Zentralafrikanische Republik
47%
Westlicher Gorilla Schimpanse Äquatorialguinea
37%
Keine übereinstimmenden Quizze gefunden
Verteilung der Resultate
Anzahl Personen mit jedem Resultat
Perzentil nach korrekt beantworteten Fragen
Ihre Resultats-Entwicklung
Sie haben dieses Quiz noch nicht gespielt